NLSUI OPAC header image

Courtroom drama : (Record no. 15881)

MARC details
000 -LEADER
fixed length control field 01322cam a2200301 a 4500
001 - CONTROL NUMBER
control field 1653307
005 - DATE AND TIME OF LATEST TRANSACTION
control field 20260318061158.0
008 - FIXED-LENGTH DATA ELEMENTS--GENERAL INFORMATION
fixed length control field 970523s1998 miua c b 001 0 eng
010 ## - LIBRARY OF CONGRESS CONTROL NUMBER
LC control number 97023014
020 ## - INTERNATIONAL STANDARD BOOK NUMBER
International Standard Book Number 9780787617356
035 ## - SYSTEM CONTROL NUMBER
System control number 1653307
040 ## - CATALOGING SOURCE
Original cataloging agency DLC
Transcribing agency DLC
Modifying agency DLC
042 ## - AUTHENTICATION CODE
Authentication code lcac
082 ## - DEWEY DECIMAL CLASSIFICATION NUMBER
Classification number 347.07 FRO
245 00 - TITLE STATEMENT
Title Courtroom drama :
Remainder of title 120 of the world's most notable trials, volumes 1-3 /
Statement of responsibility, etc. edited by Elizabeth Frost-Knappman, Edward W. Knappman, and Lisa Paddock
260 ## - PUBLICATION, DISTRIBUTION, ETC.
Place of publication, distribution, etc. Detroit :
Name of publisher, distributor, etc. UXL,
Date of publication, distribution, etc. 1998.
300 ## - PHYSICAL DESCRIPTION
Extent 3 v. (xlvi, 864 p.) :
Other physical details ill. ;
Dimensions 25 cm.
505 ## - FORMATTED CONTENTS NOTE
Formatted contents note Volume 1: The Constitution, Family Law & Reproductive Rights, Freedom of Speech, Human Rights, Negligence.<br/>Volume 2: Assassinations, Espionage, Murder, Political Corruption.<br/>Volume 3: Military Trials & Courts Martial, Religion & Heresy, Treason, War Crimes.
650 #0 - SUBJECT ADDED ENTRY--TOPICAL TERM
Topical term or geographic name entry element Trials
General subdivision Juvenile literature.
650 #1 - SUBJECT ADDED ENTRY--TOPICAL TERM
Topical term or geographic name entry element Trials.
700 1# - ADDED ENTRY--PERSONAL NAME
Personal name Frost-Knappman, Elizabeth
700 1# - ADDED ENTRY--PERSONAL NAME
Personal name Knappman, Edward W.
700 1# - ADDED ENTRY--PERSONAL NAME
Personal name Paddock, Lisa Olson.
906 ## - LOCAL DATA ELEMENT F, LDF (RLIN)
a 7
b cbc
c orignew
d 1
e ocip
f 19
g y-gencatlg
942 ## - ADDED ENTRY ELEMENTS (KOHA)
Source of classification or shelving scheme Dewey Decimal Classification
Koha item type BOOKs
Holdings
Withdrawn status Lost status Damaged status Not for loan Home library Current library Shelving location Date acquired Cost, normal purchase price Total Checkouts Full call number Barcode Date last seen Price effective from Koha item type Public note
        . . Library Compactors 30.05.2017 4265.50   347.07 FRO-I 15818 30.05.2017 30.05.2017 BOOKs Price for the entire Set
        . . Library Compactors 30.05.2017 4265.50   347.07 FRO-II 15819 30.05.2017 30.05.2017 BOOKs Price for the entire Set
        . . Library Compactors 30.05.2017 4265.50   347.07 FRO-III 15820 30.05.2017 30.05.2017 BOOKs Price for the entire Set